Problemes generaux du fonctionnement de l'economie socialiste
Đã lưu trong:
| Príomhúdar: | |
|---|---|
| Formáid: | Leabhar |
| Teanga: | Undetermined |
| Foilsithe: |
Paris
Francois Maspero
1968
|
| Ábhair: | |
| Clibeanna: |
Cuir Clib Leis
Gan Chlibeanna, Bí ar an gcéad duine leis an taifead seo a chlibeáil!
|
| Thư viện lưu trữ: | Trung tâm Học liệu Trường Đại học Cần Thơ |
|---|
| LEADER | 00472nam a2200169Ia 4500 | ||
|---|---|---|---|
| 001 | CTU_79541 | ||
| 008 | 210402s9999 xx 000 0 und d | ||
| 082 | |a 330 | ||
| 082 | |b B912 | ||
| 100 | |a Brus, Wlodzimierz | ||
| 245 | 0 | |a Problemes generaux du fonctionnement de l'economie socialiste | |
| 245 | 0 | |c Wlodzimierz Brus | |
| 260 | |a Paris | ||
| 260 | |b Francois Maspero | ||
| 260 | |c 1968 | ||
| 650 | |a Economics | ||
| 980 | |a Trung tâm Học liệu Trường Đại học Cần Thơ | ||